[Event "K41 Forars EMT Basis 2 2009"]
[Site "Valby"]
[Date "2009.05.05"]
[Round "6"]
[White "Christensen, Aage Niels"]
[Black "Krogh, Soren"]
[Result "1-0"]
[WhiteElo "1501"]
[BlackElo "1237"]
[PlyCount "41"]
[EventDate "2009.??.??"]

1. e4 g6 2. d4 Bg7 3. f4 c6 4. Nf3 d5 5. e5 h5 6. Bd3 Nh6 7. Nh4 Bf5 8. Nxf5
Nxf5 9. c3 e6 10. O-O Nd7 11. Nd2 Qb6 12. Nf3 Bh6 13. b4 O-O-O 14. a4 a6 15.
Bd2 Nb8 16. Qe2 Rd7 17. Rfb1 Re8 18. b5 cxb5 19. axb5 axb5 20. Bxb5 Nc6 21.
Ra8+ 1-0

[Event "K41 Forars EMT Basis 2 2009"]
[Site "Valby"]
[Date "2009.05.05"]
[Round "6"]
[White "Holbech, Simon"]
[Black "Nielsen, Soren Skovso"]
[Result "0-1"]
[WhiteElo "1200"]
[BlackElo "1489"]
[PlyCount "36"]
[EventDate "2009.??.??"]

1. e4 c5 2. Nf3 d6 3. Bc4 Nf6 4. Ng5 e6 5. d3 Bd7 6. Nc3 a6 7. a3 Be7 8. Nf3
Nc6 9. Be3 O-O 10. d4 Ng4 11. d5 Nxe3 12. fxe3 Na5 13. Bd3 b5 14. b3 Bf6 15.
Qd2 b4 16. e5 bxc3 17. Qxc3 dxe5 18. Nxe5 Qc7 0-1

[Event "K41 Forars EMT Basis 2 2009"]
[Site "Valby"]
[Date "2009.05.05"]
[Round "6"]
[White "Hou, Mads"]
[Black "Gjelstrup, Ole"]
[Result "1-0"]
[WhiteElo "1383"]
[BlackElo "1347"]
[PlyCount "53"]
[EventDate "2009.??.??"]

1. e4 e5 2. Nf3 Nc6 3. Bc4 Nf6 4. O-O Bc5 5. d4 Bxd4 6. c3 Bb6 7. Bg5 O-O 8.
Na3 d6 9. Qd3 Re8 10. Rad1 h6 11. Bh4 g5 12. Nxg5 hxg5 13. Bxg5 Bg4 14. Rd2 Kg7
15. Nc2 Qd7 16. Bxf6+ Kxf6 17. Ne3 Ne7 18. Kh1 Rh8 19. f4 Be6 20. fxe5+ Kxe5
21. Bxe6 Kxe6 22. Qc4+ d5 23. exd5+ Nxd5 24. Nxd5 Rxh2+ 25. Kxh2 Rh8+ 26. Kg3
Rg8+ 27. Kf3 1-0

[Event "K41 Forars EMT Basis 2 2009"]
[Site "Valby"]
[Date "2009.05.05"]
[Round "6"]
[White "Knudsen, Martin Mosgaard"]
[Black "Wadtland, Flemming"]
[Result "1-0"]
[WhiteElo "1200"]
[BlackElo "1215"]
[PlyCount "53"]
[EventDate "2009.??.??"]

1. e4 e5 2. Bc4 Nc6 3. Nf3 Nf6 4. Nc3 Bc5 5. Ng5 O-O 6. d3 a6 7. a3 Na5 8. Ba2
b5 9. O-O Bb6 10. Bd2 h6 11. Nf3 Re8 12. Ne2 d6 13. Qe1 Bg4 14. Bxa5 Bxf3 15.
gxf3 Nh5 16. Bxb6 cxb6 17. Kh1 Qf6 18. f4 exf4 19. f3 Re5 20. Rg1 Rae8 21. Rg4
Ng3+ 22. Nxg3 h5 23. Nxh5 Rxh5 24. c3 Qh6 25. Qf2 Ree5 26. Rag1 g6 27. Rxg6+
1-0

[Event "K41 Forars EMT Basis 2 2009"]
[Site "Valby"]
[Date "2009.05.05"]
[Round "6"]
[White "Meldal, Peter"]
[Black "Mikkelsen, Henning Peter"]
[Result "0-1"]
[WhiteElo "1287"]
[BlackElo "1337"]
[PlyCount "85"]
[EventDate "2009.??.??"]

1. e4 c5 2. Nf3 Nc6 3. Bb5 Qc7 4. O-O e6 5. Re1 Nf6 6. e5 Ng4 7. Bxc6 dxc6 8.
h3 Nh6 9. d3 Nf5 10. Bf4 Bd7 11. Nbd2 h6 12. Ne4 Be7 13. c3 O-O 14. g4 Nh4 15.
Nxh4 Bxh4 16. Nxc5 Rad8 17. Qd2 g5 18. Be3 Qxe5 19. Nxb7 Qd5 20. Qe2 Rb8 21.
Nc5 Bc8 22. Ne4 f5 23. c4 Qd8 24. gxf5 Rxf5 25. Bxa7 Rb7 26. Be3 Qf8 27. Rf1
Rf3 28. Bc5 Qf5 29. Kg2 Qxh3+ 30. Kg1 Qg4+ 31. Ng3 Rxg3+ 32. fxg3 Qxe2 33. gxh4
Rxb2 34. Rf2 Qg4+ 35. Kf1 Qh3+ 36. Kg1 Qg3+ 37. Kf1 Qxd3+ 38. Kg1 Qg3+ 39. Kf1
Qd3+ 40. Kg1 Rxf2 41. Kxf2 Qf5+ 42. Ke2 Qxc5 43. hxg5 0-1

[Event "K41 Forars EMT Basis 2 2009"]
[Site "Valby"]
[Date "2009.05.12"]
[Round "7"]
[White "Gjelstrup, Ole"]
[Black "Nielsen, Soren Skovso"]
[Result "1-0"]
[WhiteElo "1347"]
[BlackElo "1489"]
[PlyCount "111"]
[EventDate "2009.??.??"]

1. e4 c5 2. d4 cxd4 3. c3 dxc3 4. Nxc3 e6 5. Nf3 a6 6. Bd3 Nc6 7. O-O Qc7 8.
Re1 Nf6 9. Bd2 d6 10. Rc1 Be7 11. h4 Qd8 12. Ng5 h6 13. Nh3 Ne5 14. Be2 Bd7 15.
Be3 Rc8 16. Qb3 Bc6 17. f4 Ned7 18. Nf2 O-O 19. Rcd1 Ne8 20. g3 Nc7 21. Ng4 Nf6
22. Nxf6+ Bxf6 23. e5 Bxh4 24. Rxd6 Qe7 25. Kh2 Nd5 26. Bc5 Nxf4 27. Rxc6 Bxg3+
28. Kxg3 Qg5+ 29. Bg4 h5 30. Qd1 hxg4 31. Rxc8 Nh5+ 32. Kg2 Rxc8 33. Bd6 Qh4
34. Kg1 Qg3+ 35. Kf1 Qf4+ 36. Kg1 Qg3+ 37. Kf1 Nf4 38. Qd2 Qh3+ 39. Kg1 Qg3+
40. Kf1 Qh3+ 41. Kg1 Qg3+ 42. Kf1 Nd3 43. Re3 Qf4+ 44. Kg1 Rc4 45. Rxd3 Qf5 46.
Rd4 Rc6 47. Qf2 Qg5 48. Qf4 Qh4 49. Qxg4 Qe1+ 50. Kg2 Qc1 51. Be7 Qxb2+ 52. Ne2
Rc8 53. Bf6 g6 54. Kf3 Qa3+ 55. Kf4 Qxa2 56. Qh4 1-0

[Event "K41 Forars EMT Basis 2 2009"]
[Site "Valby"]
[Date "2009.05.12"]
[Round "7"]
[White "Jorgensen, Orla Eilegaard"]
[Black "Christensen, Aage Niels"]
[Result "1/2-1/2"]
[WhiteElo "1404"]
[BlackElo "1501"]
[PlyCount "86"]
[EventDate "2009.??.??"]

1. f4 d5 2. Nf3 c5 3. e3 Nc6 4. b3 Nf6 5. Bb2 g6 6. Bb5 a6 7. Bxc6+ bxc6 8. Ne5
Qc7 9. Nc3 Bg7 10. Na4 O-O 11. Nxc5 Nd7 12. Ncxd7 Bxd7 13. O-O Rad8 14. Nxd7
Bxb2 15. Nxf8 Bxa1 16. Ne6 fxe6 17. Qxa1 c5 18. Qd1 Qd7 19. Qe2 Qd6 20. d4 cxd4
21. exd4 Rc8 22. Re1 Rc6 23. g3 Kf7 24. Qd3 Qa3 25. c4 dxc4 26. Qc2 Qd6 27. Rd1
c3 28. Qd3 c2 29. Rc1 Qc7 30. Kf2 Qc8 31. Ke2 Rc3 32. Qe4 Qc7 33. Kd2 Qa5 34.
Rxc2 Rxc2+ 35. Kxc2 Qxa2+ 36. Kc3 Qxh2 37. Qd3 Qa2 38. Kc4 Qa5 39. b4 Qb5+ 40.
Kc3 Qc6+ 41. Qc4 Qf3+ 42. Qd3 Qc6+ 43. Qc4 Qf3+ 1/2-1/2

[Event "K41 Forars EMT Basis 2 2009"]
[Site "Valby"]
[Date "2009.05.12"]
[Round "7"]
[White "Krogh, Soren"]
[Black "Knudsen, Martin Mosgaard"]
[Result "0-1"]
[WhiteElo "1237"]
[BlackElo "1200"]
[PlyCount "134"]
[EventDate "2009.??.??"]

1. e4 c5 2. c3 d6 3. d4 cxd4 4. cxd4 Nd7 5. Nf3 Ngf6 6. Nc3 a6 7. a4 e6 8. Be2
Be7 9. O-O b6 10. Bf4 Bb7 11. Qb1 Nf8 12. b4 Ng6 13. Bd2 O-O 14. Ng5 h6 15. Nh3
e5 16. d5 Bc8 17. f4 Bxh3 18. gxh3 Qc8 19. f5 Nh4 20. Kh1 Ra7 21. Rg1 Kh8 22.
Qd3 Nh7 23. Qg3 Bf6 24. Rac1 Qd8 25. Nd1 Rg8 26. Nf2 Bg5 27. Be3 Bxe3 28. Qxe3
Nf6 29. Rc6 a5 30. b5 Rb7 31. Rgc1 Kh7 32. Qc3 Qd7 33. Rc7 Rxc7 34. Qxc7 Qxc7
35. Rxc7 Rb8 36. Rc6 Ne8 37. Nd3 Nf6 38. Nb2 Nxe4 39. Nc4 Nxf5 40. Nxb6 Nd4 41.
Nd7 Nxc6 42. dxc6 Rc8 43. b6 Rxc6 44. b7 Rc1+ 45. Kg2 Rb1 46. b8=Q Rxb8 47.
Nxb8 Nc3 48. Bb5 f5 49. Nc6 Kg6 50. Nxa5 e4 51. Kg3 Kf6 52. Kf4 Nd5+ 53. Kg3
f4+ 54. Kf2 Nc3 55. Nc4 Ke6 56. Bc6 d5 57. Nd2 e3+ 58. Ke1 Kd6 59. Be8 exd2+
60. Kxd2 d4 61. a5 f3 62. Bh5 f2 63. Be2 Kc5 64. Kd3 Kb5 65. h4 Kxa5 66. h5
Nxe2 67. Kxe2 Kb4 0-1

[Event "K41 Forars EMT Basis 2 2009"]
[Site "Valby"]
[Date "2009.05.12"]
[Round "7"]
[White "Mikkelsen, Henning Peter"]
[Black "Holbech, Simon"]
[Result "0-1"]
[WhiteElo "1337"]
[BlackElo "1200"]
[PlyCount "36"]
[EventDate "2009.??.??"]

1. d4 d5 2. e4 dxe4 3. Nc3 Nf6 4. f3 exf3 5. Nxf3 e6 6. Bg5 Be7 7. Bd3 Bd7 8.
O-O c5 9. Kh1 cxd4 10. Nxd4 Nc6 11. Nf3 Nb4 12. Bc4 Qc7 13. Bb3 Bc6 14. Qe1 Ng4
15. Qh4 Bxg5 16. Qxg5 Bxf3 17. Qh5 Nf2+ 18. Rxf2 Bxh5 0-1

[Event "K41 Forars EMT Basis 2 2009"]
[Site "Valby"]
[Date "2009.05.12"]
[Round "7"]
[White "Mollmann, Erik"]
[Black "Hou, Mads"]
[Result "0-1"]
[WhiteElo "1471"]
[BlackElo "1383"]
[PlyCount "70"]
[EventDate "2009.??.??"]

1. d4 Nf6 2. Bf4 d5 3. e3 Bf5 4. c4 e6 5. Nc3 c6 6. Qb3 Qb6 7. c5 Qxb3 8. axb3
Nh5 9. Bxb8 Rxb8 10. Rxa7 e5 11. Be2 Nf6 12. Nf3 Nd7 13. O-O Be7 14. b4 Bf6 15.
b5 O-O 16. bxc6 bxc6 17. Na4 Ra8 18. Ra6 Rxa6 19. Bxa6 Ra8 20. Bb7 Rxa4 21.
Bxc6 Rb4 22. Bxd5 exd4 23. e4 Bg4 24. c6 Nb6 25. Ra1 h5 26. h3 Bxf3 27. gxf3
Be5 28. Ra7 Nxd5 29. exd5 Rc4 30. Re7 f6 31. f4 Kf8 32. Re6 Bxf4 33. Re4 Bd6
34. Re6 d3 35. Kf1 Rc1+ 0-1

[Event "K41 Forars EMT Basis 2 2009"]
[Site "Valby"]
[Date "2009.05.12"]
[Round "7"]
[White "Wadtland, Flemming"]
[Black "Meldal, Peter"]
[Result "0-1"]
[WhiteElo "1215"]
[BlackElo "1287"]
[PlyCount "82"]
[EventDate "2009.??.??"]

1. d4 e6 2. Nf3 b6 3. c4 Bb7 4. a3 Nf6 5. Nc3 d5 6. cxd5 Nxd5 7. Qc2 Be7 8. e4
Nxc3 9. bxc3 O-O 10. Bd3 f5 11. exf5 Bxf3 12. gxf3 Qd5 13. Be4 Qd7 14. Bxa8
exf5 15. Qb3+ Kh8 16. Bd5 c6 17. Bc4 Re8 18. Be6 Bf6 19. Be3 Rxe6 20. O-O-O Re8
21. Rhg1 h6 22. Qc2 Qd5 23. c4 Qa5 24. Qb3 Nd7 25. Qb4 Qa6 26. Rd3 Be7 27. Qb2
Qxc4+ 28. Rc3 Qd5 29. Rg6 Rc8 30. Bxh6 gxh6 31. Qd2 f4 32. Rxh6+ Kg7 33. Rh3
Qf5 34. d5 Qxh3 35. dxc6 Nc5 36. Rxc5 Bxc5 37. Qxf4 Qf1+ 38. Kc2 Qxf2+ 39. Kb1
Qf1+ 40. Kc2 Qe2+ 41. Kb1 Qd1+ 0-1